000 00306nam a2200133Ia 4500
005 20251222141818.0
008 251222s9999||||xx |||||||||||||| ||spa||
020 _a84-206-3800-5
082 _a868.611/A36A
100 _aAlberti, Rafael
245 0 _aAntología Poética
264 _bAlianza
942 _cLIB
999 _c6695
_d6695